000 00733nam a2200241Ia 4500
003 OSt
005 20220923213019.0
006 a|||||r|||| 00| 0
007 ta
008 220922b |||||||| |||| 00| 0 hin d
024 _a158,325
037 _cTextual
040 _aARTS
_cARTS
_bhin
041 _2hin
_ahin
082 _aO152:1xN1, K71
100 _aगौतम, लक्ष्मणदत्त, संपा.
245 0 _aहिन्दी काव्य संग्रह
246 _aHindī kāvya sangraha
250 _aसंस्क 4
260 _c1967
942 _hO152:1xN1, K71
_cTEXL
_2CC
999 _c313124
_d313124